| 000 | 01276cam a2200337 i 4500 | ||
|---|---|---|---|
| 001 | 11960223 | ||
| 003 | EG-ScBUE | ||
| 005 | 20241024092137.0 | ||
| 008 | 000331t2004 maua f 001 0 eng d | ||
| 020 | _a061831797X | ||
| 020 | _a9780618317974 | ||
| 040 |
_aDLC _beng _erda _cDLC _dDLC _dEG-ScBUE |
||
| 082 | 0 | 4 |
_222 _a516.24 _bLAR |
| 100 | 1 |
_aLarson, Ron, _d1941- _eauthor. _938309 |
|
| 245 | 1 | 0 |
_aTrigonometry / _cRon Larson, Robert P. Hostetler, The Pennsylvania State University, The Behrend College ; with the assistance of David C. Falvo, The Pennsylvania State University, The Behrend College. |
| 250 | _aSixth edition. | ||
| 264 | 1 |
_aBoston ; _aNew York : _bHoughton Mifflin Company, _c[2004] |
|
| 264 | 4 | _cc2004 | |
| 300 |
_a1 volume (various pagings) : _billustrations (some color) ; _c27 cm |
||
| 336 |
_2rdacontent _atext _btxt |
||
| 337 |
_aunmediated _2rdamedia _bn |
||
| 338 |
_avolume _bnc _2rdacarrier |
||
| 500 | _aIncludes index. | ||
| 650 | 7 |
_aTrigonometry. _2BUEsh |
|
| 653 |
_bGGEN _cMarch2018 |
||
| 655 | _vReading book | ||
| 700 | 1 |
_aHostetler, Robert P., _eauthor. |
|
| 700 | 1 |
_aFalvo, David C., _eauthor. _93440 |
|
| 856 | 4 | 2 |
_3Contributor biographical information _uhttp://www.loc.gov/catdir/enhancements/fy1302/00103028-b.html |
| 942 |
_2ddc _cBB |
||
| 999 |
_c26405 _d26377 |
||